000 00845 a2200241 4500
003 CBULib
005 20240119135020.0
008 240118b |||||||| |||| 00| 0 eng d
040 _aCBULib
_bEnglish
_cCBULib
_erda
041 _aeng
050 _aCBU-PG THESIS/SIN
100 _aSinywibulula, Choolwe
245 _aTeachers’’ perception towards use of information and communication technology tools in biology teaching in Kafue district secondary schools
_c/ by Choolwe Sinywibulula
260 _bCopperbelt University,
_c2021
_aKitwe:
300 _ax, 81 pages : illustrations
336 _2rdacontent
_aText |
_btxt
337 _2rdamedia
_aUnmediated |
_bn
338 _2rdacarrier
_aVolume
_bnc
650 0 _91760
_aICT
650 0 _91838
_aINFORMATION AND COMMUNICATION TECHNOLOGY
650 0 _91655
_aBIOLOGY
942 _2lcc
_c030
999 _c84000
_d84000